North Carolina - Statistics

General Stats
  • This quiz has been taken 110 times
  • The average score is 11 of 15
Answer Stats
Hint Answer % Correct
What NFL team plays its home games in Charlotte? Carolina Panthers
97%
What is the capital of NC? Raleigh
97%
How many other states does NC border? Four
94%
What is the unofficial state motto, found on NC license plates? First in Flight
88%
The string of sandy, narrow islands on the coast of NC is called what? The Outer Banks
88%
What donut chain originated in and is headquartered in NC? Krispy Kreme
85%
What NHL team plays its home games in Raleigh? Carolina Hurricanes
84%
What NBA team plays its home games in Charlotte? Charlotte Hornets
84%
What soft drink was first produced in 1898 in New Bern? Pepsi-Cola
83%
The mountain region is to the west, the coast is to the east - what is the central region of NC referred to as? The Piedmont
81%
The western section of the state is part of what mountain range? Appalachian
75%
How many counties does NC have? One Hundred
62%
What is the name of the NASCAR speedway in Concord? Charlotte Motor Speedway
45%
The area off Cape Hattaras has lost so many ships, what is its nickname? Graveyard of the Atlantic
30%
What does "Esse Quam Videri" mean? To Be Rather Than To Seem
28%
No matching quizzes found
Score Distribution
Percent of People with Each Score
Percentile by Number Answered
Your Score History
You have not taken this quiz